Health And Physical Education/ (Record no. 212286)

MARC details
000 -LEADER
fixed length control field 00673nam a22002057a 4500
005 - DATE AND TIME OF LATEST TRANSACTION
control field 20250709143713.0
010 ## - LCCN (DPL NO)
LC control number ENG-145894
020 ## - INTERNATIONAL STANDARD BOOK NUMBER
Terms of availability 395.00
International Standard Book Number 9789395368124
035 ## - SYSTEM CONTROL NUMBER
System control number EN-129426
037 ## - SOURCE OF ACQUISITION
Source of stock number/acquisition DBAD
082 ## - DEWEY DECIMAL CLASSIFICATION NUMBER
Classification number 371.73
100 ## - MAIN ENTRY--PERSONAL NAME
Personal name Dash, Biranchi Narayan
245 ## - TITLE STATEMENT
Title Health And Physical Education/
Statement of responsibility, etc Biranchi Narayan Dash and Manendra Rao. PUVN
250 ## - EDITION STATEMENT
Edition statement 1
260 ## - PUBLICATION, DISTRIBUTION, ETC. (IMPRINT)
Place of publication, distribution, etc Hyderabad
Name of publisher, distributor, etc Neelkamal Publications Pvt. Ltd.
Date of publication, distribution, etc 2023
270 ## - ADDRESS
City Hyderabad
Address Sultan Bazar, Koti, Hyderabad
Postal code 500001
Telephone number 040-24757140
-- +91 9811828953
300 ## - PHYSICAL DESCRIPTION
Extent 303 p.
Dimensions 24 cm(pb)
700 ## - ADDED ENTRY--PERSONAL NAME
Personal name PUVN, Manendra Rao
9 (RLIN) 82838
942 ## - ADDED ENTRY ELEMENTS (KOHA)
Source of classification or shelving scheme Dewey Decimal Classification
Item type English Books
Classification part 371.73
Call number suffix DAS
Holdings
Withdrawn status Lost status Not for loan Collection code Home library Current library Date acquired Source of acquisition Cost, normal purchase price Full call number Barcode Copy number Cost, replacement price Koha item type
      Non-fiction Central Library Central Library 09/07/2025 DBAD 395.00 371.73 DAS EN-129426 1 395.00 English Books

© Delhi Public Library
Hit Counter
free hit counter